靜靜說府城「一部用手語記錄的文化地圖」
| 資料類型: | 圖書 | 書目號: | 7027 |
Leader xxxxxxxxxx 001 __ PCLIS00007027 005 __ 20220809085235.0 010 __ |a9786269251902|b平裝|d400 101 __ |achi 200 __ |a靜靜說府城「一部用手語記錄的文化地圖」|e|f社團法人台南市聽障體育運動協會 205 __ |a 210 __ |a|c社團法人台南市聽障體育運動協會|d2025.10 215 __ |a99|c彩圖|d21公分 225 __ |a|v 300 __ |a 681 __ |a529.675 700 __ |a|b|4著 702 __ |a|b|4 801 _0 |atw|b內湖高中|c20010622|gCCR |